<?xml version="1.0" encoding="UTF-8"?>
<record
    xmlns:xsi="http://www.w3.org/2001/XMLSchema-instance"
    xsi:schemaLocation="http://www.loc.gov/MARC21/slim http://www.loc.gov/standards/marcxml/schema/MARC21slim.xsd"
    xmlns="http://www.loc.gov/MARC21/slim">

  <leader>00714nam a22002057a 4500</leader>
  <controlfield tag="005">20250404144916.0</controlfield>
  <datafield tag="010" ind1=" " ind2=" ">
    <subfield code="a">ENG-144421</subfield>
  </datafield>
  <datafield tag="020" ind1=" " ind2=" ">
    <subfield code="a">9788197609138</subfield>
    <subfield code="c">600.00</subfield>
  </datafield>
  <datafield tag="035" ind1=" " ind2=" ">
    <subfield code="a">EN-127953</subfield>
  </datafield>
  <datafield tag="037" ind1=" " ind2=" ">
    <subfield code="b">DBAD</subfield>
  </datafield>
  <datafield tag="082" ind1=" " ind2=" ">
    <subfield code="a">954</subfield>
    <subfield code="2">1</subfield>
  </datafield>
  <datafield tag="245" ind1=" " ind2=" ">
    <subfield code="a">Vikasit Bharat @2047:</subfield>
    <subfield code="b">Ways Towards Self-Reliance/</subfield>
    <subfield code="c">S. Lingamurthy; Shivkumar M Belli [and] Basavaraj M.S.</subfield>
  </datafield>
  <datafield tag="260" ind1=" " ind2=" ">
    <subfield code="b">Samvit Prakashan and Media PVT. LTD</subfield>
    <subfield code="c">2021</subfield>
    <subfield code="a">Delhi</subfield>
  </datafield>
  <datafield tag="270" ind1=" " ind2=" ">
    <subfield code="a">1585,1654, Madarsa road, Kashmere gate</subfield>
    <subfield code="b"> Delhi</subfield>
    <subfield code="e"> 110006</subfield>
  </datafield>
  <datafield tag="300" ind1=" " ind2=" ">
    <subfield code="a">436p.;</subfield>
    <subfield code="c">21cm(pb)</subfield>
  </datafield>
  <datafield tag="700" ind1=" " ind2=" ">
    <subfield code="a">Lingamurthy, S. </subfield>
    <subfield code="e">Editor</subfield>
    <subfield code="9">80326</subfield>
  </datafield>
  <datafield tag="700" ind1=" " ind2=" ">
    <subfield code="a">Belli, Shivkumar M </subfield>
    <subfield code="e">Editor</subfield>
    <subfield code="9">80327</subfield>
  </datafield>
  <datafield tag="700" ind1=" " ind2=" ">
    <subfield code="a">Basavaraj M.S.</subfield>
    <subfield code="e">Editor</subfield>
    <subfield code="9">80328</subfield>
  </datafield>
  <datafield tag="942" ind1=" " ind2=" ">
    <subfield code="2">ddc</subfield>
    <subfield code="c">EN</subfield>
    <subfield code="m">VIK</subfield>
    <subfield code="h">954</subfield>
  </datafield>
  <datafield tag="999" ind1=" " ind2=" ">
    <subfield code="c">210822</subfield>
    <subfield code="d">210822</subfield>
  </datafield>
  <datafield tag="952" ind1=" " ind2=" ">
    <subfield code="0">0</subfield>
    <subfield code="1">0</subfield>
    <subfield code="4">0</subfield>
    <subfield code="7">1</subfield>
    <subfield code="8">NFIC</subfield>
    <subfield code="a">DBAD</subfield>
    <subfield code="b">DBAD</subfield>
    <subfield code="d">2025-04-04</subfield>
    <subfield code="e">Delivery of Books Act Division</subfield>
    <subfield code="g">600.00</subfield>
    <subfield code="l">0</subfield>
    <subfield code="o">VIK 954</subfield>
    <subfield code="p">EN-127953</subfield>
    <subfield code="r">2025-04-04 00:00:00</subfield>
    <subfield code="t">1</subfield>
    <subfield code="v">600.00</subfield>
    <subfield code="w">2025-04-04</subfield>
    <subfield code="y">EN</subfield>
  </datafield>
</record>
